Jeux vidéo en image - B - Statistiques

Statistiques générales
  • Ce quiz a été pris 169 fois
    7 depuis la dernière actualisation
  • Le résultat moyen est 9 sur 20
Statistiques - réponses
Par images Réponse % Correct
Batman: Arkham Knight
100%
Battlefield 2042
100%
Baldur's Gate III
83%
Black Myth: Wukong
83%
Borderlands 2
83%
Brawlhalla
83%
Bayonetta
67%
Bomberman
67%
Bloodborne
50%
Banjo-Kazooie
33%
Beyond: Two Souls
33%
BioShock Infinite
33%
Bully
33%
Baba is You
17%
Beat Saber
17%
Blasphemous
17%
Bloons TD 6
17%
Broforce
17%
BattleBlock Theater
0%
Burnout Paradise
0%
Aucun quiz correspondant
Distribution des résultats
% des personnes avec chaque résultat
Percentile par nombre de réponses
Votre historique - résultats
Vous n’avez pas pris ce quiz depuis la dernière actualisation